[Event "SLO-chT2 East"]
[Site "Brezice Maribor"]
[Date "2007.09.08"]
[Round "6"]
[White "Jakopic, Anton"]
[Black "Mitrovic, Boris"]
[Result "1-0"]
[WhiteElo "2090"]
[BlackElo "2044"]
[PlyCount "93"]
[EventDate "2007.05.26"]
[EventType "team-tourn"]
[EventRounds "9"]
[EventCountry "SLO"]
[SourceTitle "EXT 2010"]
[Source "ChessBase"]
[SourceDate "2010.11.25"]
[SourceVersion "1"]
[SourceVersionDate "2010.11.25"]
[SourceQuality "1"]

1. c4 e5 2. Nc3 Nf6 3. g3 Nc6 4. Bg2 Bc5 5. a3 a5 6. e3 0-0 7. Nge2 Re8 8. 0-0 h6 9. d4 exd4 10. exd4 Bf8 11. Nf4 d6 12. Nfd5 Bf5 13. Nxf6+ Qxf6 14. Nd5 Qd8 15. b3 Be4 16. Bxe4 Rxe4 17. Bb2 Qd7 18. Qd2 Rae8 19. Rae1 b6 20. Rxe4 Rxe4 21. Qxh6 Nxd4 22. Bxd4 Rxd4 23. Qg5 Kh7 24. Re1 Rd3 25. Re4 Rxd5 26. cxd5 f6 27. Qh5+ Kg8 28. Qe8 Qf5 29. Qe6+ Qxe6 30. Rxe6 Kf7 31. Re2 Be7 32. b4 axb4 33. axb4 f5 34. b5 g5 35. Kg2 g4 36. h3 gxh3+ 37. Kxh3 Bf6 38. f4 Bd8 39. g4 fxg4+ 40. Kxg4 Be7 41. Kf5 Bf6 42. Re6 Bd8 43. Rh6 Kg7 44. Rh3 Bf6 45. Ke6 Bd4 46. f5 Be5 47. Rh4 1-0

[Event "SLO-chT2 East"]
[Site "Velenje"]
[Date "2006.10.03"]
[Round "7"]
[White "Jakopic, Anton"]
[Black "Halik, Tomo"]
[Result "1/2-1/2"]
[WhiteElo "2117"]
[BlackElo "2165"]
[PlyCount "26"]
[EventDate "2006.05.21"]
[EventType "team"]
[EventRounds "9"]
[EventCountry "SLO"]
[SourceTitle "EXT 2008"]
[Source "ChessBase"]
[SourceDate "2007.11.25"]
[SourceVersion "1"]
[SourceVersionDate "2007.11.25"]
[SourceQuality "1"]

1. d4 Nf6 2. c4 e6 3. Nc3 Bb4 4. Nf3 c5 5. a3 Bxc3+ 6. bxc3 0-0 7. g3 b6 8. Bg2 Bb7 9. 0-0 d6 10. Bf4 Nc6 11. d5 exd5 12. cxd5 Na5 13. Ng5 Re8 1/2-1/2

[Event "SLO-chT2 East"]
[Site "Velenje"]
[Date "2005.10.28"]
[Round "6"]
[White "Cojhter, Karl"]
[Black "Jakopic, Anton"]
[Result "1/2-1/2"]
[WhiteElo "2124"]
[BlackElo "2111"]
[PlyCount "58"]
[EventDate "2005.05.27"]
[EventType "team"]
[EventRounds "9"]
[EventCountry "SLO"]
[SourceTitle "EXT 2009"]
[Source "ChessBase"]
[SourceDate "2008.11.26"]
[SourceVersion "1"]
[SourceVersionDate "2008.11.26"]
[SourceQuality "1"]

1. e4 c5 2. Nf3 Nc6 3. d4 cxd4 4. Nxd4 g6 5. Nxc6 bxc6 6. Qd4 Nf6 7. Nc3 Qb6 8. Qxb6 axb6 9. e5 Ng4 10. f4 h5 11. h3 Nh6 12. Bd3 Bg7 13. Be3 b5 14. 0-0 Nf5 15. Bc5 Ng3 16. Rf3 h4 17. a4 bxa4 18. Nxa4 Rh5 19. Ra3 d6 20. exd6 Rxa4 21. Rxa4 Rxc5 22. Ra8 exd6 23. Rxc8+ Kd7 24. Ra8 Bxb2 25. Ra7+ Ke8 26. Re3+ Kf8 27. Ree7 Bd4+ 28. Kh2 Rf5 29. Bxf5 Nf1+ 1/2-1/2